000 00291 a2200157 4500
001 169859
020 _a
040 _cMagnum
100 _aGutierrez, Joaquim
240 1 0 _aCocori
_lpor
245 1 0 _aCocori
362 0 _a1899
440 1 _aAgir
697 _aJ/AVENTURA
942 _cBK
999 _c169859
_d169859